Normal view
MARC view
- Mercedes Ortíz, María de las
Entry Nombre Personal
001 - NUMERO DE CONTROL
- campo de control: 46392
003 - IDENTIFICADOR DE NUMERO DE CONTROL
- campo de control: DLC
005 - FECHA Y HORA DE LA ÜLTIMA TRANSACCIÓN
- campo de control: 20220914155203.0
008 - DATOS DE LONGITUD FIJA
- campo de control de longitud fija: 040901n| acannaabn |a aaa
010 ## - NÚMERO DE CONTROL DE LA BIBLIOTECA DEL CONGRESO
- Número de control LC: n 2004043091
040 ## - FUENTE DE CATALOGACIÓN
- Agencia original de catalogación: DLC
- Lenguaje de catalogación: spa
- Agencia de transcripción: DLC
- Agencia que lo modifica: DLC
- Agencia que lo modifica: MX-MxUPN
100 1# - ENCABEZAMIENTO - NOMBRE PERSONAL
- Nombre personal: Mercedes Ortíz, María de las
400 1# - VEÁSE - NOMBRE DE PERSONA
- Personal name: Las Mercedes Ortíz, María de
670 ## - FUENTE EN LA QUE SE LOCALIZARON DATOS
- Cita de la fuente: En la obra Bonsai, c1998:
- Información localizada: portada (María de las Mercedes Ortíz, traductora)
902 ## - CATALOGADOR
- Catalogador: Víctor Ruiz/140922
